000 03757nam0a2200385 4500
001 RU\NLR\BIBL_A\012886375
005 20221201141855.0
010 _a978-5-907458-66-6
_9300
010 _a978-1-6840-3177-1
_9300
021 _aRU
_bКН-П-22-046889
_9КН-П-22-4049
035 _a(NLR Aleph) 012886375
035 _a(RuMoRGB)011150184
090 _a12536580
_c12536580
100 _a20220912d2022 k y0rusy50 ca
101 1 _arus
102 _aRU
105 _aa|||z|||000zy
181 0 _ai
_baxxe
182 1 _an
200 1 _aТерапия принятия и ответственности при пограничном расстройстве личности
_eгибкий план лечения клиентов с дисрегуляцией эмоций
_fПатрисия Э. Зурита Она, д-р психологии
_g[предисловие Расса Хэрриса]
_gперевод с английского канд. биол. наук Т. С. Дюбко
203 _aТекст
_bвизуальный
_cнепосредственный
210 _aМосква
_aСанкт-Петербург
_cДиалектика
_d2022
215 _a383 с.
_cил.
_d24
300 _aЗагл. и авт. ориг.: Acceptance & commitment therapy for borderline personality disorder / Patricia E. Zurita Ona, PsyD
320 _aБиблиогр.: с. 375-383 (103 назв.)
330 _aКак известно, клиентам с пограничным расстройством личности (ПРЛ) и эмоциональной дисрегуляцией часто приходится справляться с негативными представлениями о себе, которые приводят к возникновению чувства стыда, проблемам в межличностных отношениях и самоповреждающему поведению. И хотя диалектическая поведенческая терапия (ДПТ) стала стандартным методом лечения ПРЛ, терапия принятия и ответственности (АСТ) обладает мощным потенциалом для лечения этого расстройства. Данная книга представляет собой комплексную программу для проведения АСТ с клиентами, имеющими ПРЛ. Используя предложенный 16-недельный протокол, терапевт поможет клиентам преодолеть основную движущую силу ПРЛ - избегание внутреннего опыта - и обрести психологическую гибкость, необходимую для того, чтобы гармонизировать эмоции и начать исцеление. Терапевт также найдет здесь обзор пяти важных навыков АСТ, практические советы и стратегии по включению каждого из этих навыков в психотерапевтические сеансы
454 0 _12001#$aAcceptance & commitment therapy for borderline personality disorder$fPatricia E. Zurita Ona, PsyD
_1700#1$aZurita Ona$bP. E.$gPatricia E.
606 1 _aПограничные расстройства
_xПсихотерапия
_2nlr_sh2
_3RU\NLR\AUTH\661496522
686 1 _aР645.93-57
686 1 _aЮ948.1-82
700 1 _aЗурита Она
_bП. И.
_gПатрисия И.
_3RU\NLR\AUTH\770210385
942 _cBOOK
980 _aNB